[Event "Frankfurt-chA"]
[Site "Frankfurt"]
[Date "2019.04.30"]
[Round "1"]
[White "Brehme, Ralf Peter"]
[Black "Arnold, Aaron"]
[Result "1-0"]
[WhiteElo "1875"]
[BlackElo "1424"]
[PlyCount "75"]
[EventDate "2019.04.29"]
[EventType "swiss"]
[EventRounds "7"]
[EventCountry "GER"]
[SourceTitle "EXT 2020"]
[Source "ChessBase"]
[SourceDate "2019.10.17"]
[SourceVersion "1"]
[SourceVersionDate "2019.10.17"]
[SourceQuality "1"]

1. f4 d6 2. Nf3 Nf6 3. d3 g6 4. g3 Bg7 5. Bg2 0-0 6. 0-0 c6 7. Nc3 Qc7 8. Nh4 Ng4 9. e3 f5 10. h3 Nh6 11. Nf3 Nd7 12. Qe1 e5 13. Ne2 Nf6 14. Bd2 e4 15. Ng5 d5 16. dxe4 dxe4 17. Nd4 Re8 18. Qe2 Bd7 19. Rfd1 a6 20. c4 c5 21. Nb3 Nh5 22. Be1 Ba4 23. Rd5 b6 24. Rad1 Bc6 25. Rd6 Bf8 26. R6d2 a5 27. Na1 Nf6 28. Nc2 Rab8 29. Na3 Nf7 30. Nb5 Bxb5 31. cxb5 Nd6 32. Rxd6 Bxd6 33. Qc4+ Kh8 34. Rxd6 Qe7 35. Re6 Qg7 36. Bc3 Rxe6 37. Qxe6 Rf8 38. Qxb6 1-0

[Event "Frankfurt-chB"]
[Site "Frankfurt"]
[Date "2018.06.04"]
[Round "5"]
[White "Krehl, Collin"]
[Black "Arnold, Aaron"]
[Result "1/2-1/2"]
[WhiteElo "1462"]
[BlackElo "1339"]
[PlyCount "69"]
[EventDate "2018.04.30"]
[EventType "swiss"]
[EventRounds "7"]
[EventCountry "GER"]
[SourceTitle "EXT 2019"]
[Source "ChessBase"]
[SourceDate "2018.10.10"]
[SourceVersion "1"]
[SourceVersionDate "2018.10.10"]
[SourceQuality "1"]

1. c4 b6 2. Nc3 Bb7 3. f4 e6 4. Nf3 Nf6 5. g3 d5 6. cxd5 Nxd5 7. Bg2 Nxc3 8. bxc3 Nd7 9. 0-0 Be7 10. Qc2 Rc8 11. Bb2 0-0 12. e4 Nc5 13. Nd4 Ba6 14. Nc6 Qe8 15. Nxe7+ Qxe7 16. c4 Nd7 17. Qc3 Qc5+ 18. Kh1 f6 19. Ba3 Qxc4 20. Qxc4 Bxc4 21. Rfc1 Ba6 22. Bxf8 Kxf8 23. Rc6 Nc5 24. Bh3 Bb7 25. Bxe6 Re8 26. Rxc5 Bxe4+ 27. Kg1 bxc5 28. f5 Rb8 29. Rc1 Rb1 30. Rxb1 Bxb1 31. Kf2 Ke7 32. Ke3 Kd6 33. Kf4 h5 34. h4 Bc2 35. Bc4 1/2-1/2

[Event "Frankfurt-chB"]
[Site "Frankfurt"]
[Date "2018.05.14"]
[Round "3"]
[White "Goodwin, David"]
[Black "Arnold, Aaron"]
[Result "1/2-1/2"]
[WhiteElo "1371"]
[BlackElo "1339"]
[PlyCount "74"]
[EventDate "2018.04.30"]
[EventType "swiss"]
[EventRounds "7"]
[EventCountry "GER"]
[SourceTitle "EXT 2019"]
[Source "ChessBase"]
[SourceDate "2018.10.10"]
[SourceVersion "1"]
[SourceVersionDate "2018.10.10"]
[SourceQuality "1"]

1. Nf3 c5 2. g3 d5 3. d3 Nf6 4. Bg2 Nc6 5. a3 e5 6. 0-0 h6 7. Nbd2 Be7 8. c4 0-0 9. cxd5 Nxd5 10. Nc4 Bf6 11. Nfd2 b5 12. Ne3 Nxe3 13. fxe3 Bb7 14. Ne4 Be7 15. Nc3 a6 16. Nd5 Bd6 17. Bd2 Rb8 18. e4 Ne7 19. Ne3 Bc8 20. Rf3 Be6 21. Nf5 Bc7 22. b4 c4 23. Be3 Nxf5 24. exf5 Bd5 25. Rf2 Bxg2 26. Rxg2 cxd3 27. Qxd3 Qxd3 28. exd3 Bb6 29. Re2 Bxe3+ 30. Rxe3 f6 31. a4 Rfd8 32. axb5 Rxb5 33. Rxa6 Rxb4 34. Ra3 Rbd4 35. h3 Kh7 36. Kf2 h5 37. Ke2 Rb4 1/2-1/2

[Event "Hessen-chC"]
[Site "Frankfurt"]
[Date "2018.05.12"]
[Round "6"]
[White "Arnold, Aaron"]
[Black "Graef, Kilian Gabriel"]
[Result "1-0"]
[WhiteElo "1339"]
[BlackElo "1523"]
[PlyCount "67"]
[EventDate "2018.05.10"]
[EventType "swiss"]
[EventRounds "7"]
[EventCountry "GER"]
[SourceTitle "EXT 2019"]
[Source "ChessBase"]
[SourceDate "2018.10.10"]
[SourceVersion "1"]
[SourceVersionDate "2018.10.10"]
[SourceQuality "1"]

1. d4 Nf6 2. Nc3 g6 3. e4 d6 4. Nf3 Bg7 5. Be2 0-0 6. Bg5 Nbd7 7. 0-0 c5 8. dxc5 Nxc5 9. e5 dxe5 10. Nxe5 Bd7 11. Nxd7 Qxd7 12. Qxd7 Ncxd7 13. Rad1 Rfe8 14. Bb5 Rad8 15. Bxf6 Bxf6 16. Bxd7 Rf8 17. Bg4 e6 18. Na4 Rd4 19. Rxd4 Bxd4 20. c3 Be5 21. Nc5 b6 22. Nd7 Bxh2+ 23. Kxh2 Rd8 24. Rd1 Rc8 25. Ne5 Rc5 26. Nd7 Rg5 27. Bf3 Kg7 28. Nb8 Kf6 29. Rd7 e5 30. Rxa7 Ke6 31. Ra6 Kf5 32. Rxb6 f6 33. Nd7 e4 34. Rxf6# 1-0

[Event "Bad Soden U18 op"]
[Site "Bad Soden"]
[Date "2017.10.03"]
[Round "9"]
[White "Arnold, Aaron"]
[Black "Bajorski, Marius"]
[Result "0-1"]
[WhiteElo "1285"]
[BlackElo "1843"]
[PlyCount "80"]
[EventDate "2017.09.30"]
[EventType "swiss"]
[EventRounds "9"]
[EventCountry "GER"]
[SourceTitle "EXT 2018"]
[Source "ChessBase"]
[SourceDate "2017.10.13"]
[SourceVersion "1"]
[SourceVersionDate "2017.10.13"]
[SourceQuality "1"]

1. d4 Nf6 2. Nc3 d5 3. e4 Nxe4 4. Nxe4 dxe4 5. f3 Nc6 6. Be3 e5 7. dxe5 Qxd1+ 8. Rxd1 Nxe5 9. fxe4 Bd6 10. Be2 Bd7 11. Nf3 Rd8 12. Nxe5 Bxe5 13. Bd4 Bxd4 14. Rxd4 0-0 15. 0-0 Be6 16. Rxd8 Rxd8 17. b3 Kf8 18. Rd1 Rxd1+ 19. Bxd1 Ke7 20. Kf2 a5 21. Bf3 b6 22. Ke3 Kd6 23. Kd4 f6 24. c4 g6 25. h3 h5 26. g4 hxg4 27. Bxg4 Bxg4 28. hxg4 Ke6 29. c5 bxc5+ 30. Kxc5 Ke5 31. Kb5 Kxe4 32. Kxa5 f5 33. gxf5 gxf5 34. Kb5 f4 35. a4 f3 36. a5 f2 37. a6 f1Q+ 38. Ka5 Qf5+ 39. Kb4 Qd5 40. Ka4 Qc6+ 0-1

[Event "Bad Soden U18 op"]
[Site "Bad Soden"]
[Date "2017.10.02"]
[Round "6"]
[White "Schwarz, Matthias"]
[Black "Arnold, Aaron"]
[Result "1-0"]
[WhiteElo "1722"]
[BlackElo "1285"]
[PlyCount "79"]
[EventDate "2017.09.30"]
[EventType "swiss"]
[EventRounds "9"]
[EventCountry "GER"]
[SourceTitle "EXT 2018"]
[Source "ChessBase"]
[SourceDate "2017.10.13"]
[SourceVersion "1"]
[SourceVersionDate "2017.10.13"]
[SourceQuality "1"]

1. e4 b6 2. d4 Bb7 3. Nc3 e6 4. Be3 Bb4 5. Bd3 Nf6 6. f3 d6 7. Nge2 c5 8. dxc5 dxc5 9. 0-0 0-0 10. Bg5 Nbd7 11. a3 Bxc3 12. Nxc3 Qc7 13. f4 c4 14. e5 Nd5 15. Nxd5 Bxd5 16. Be2 Nc5 17. Bf3 Ne4 18. Bxe4 Qc5+ 19. Kh1 Bxe4 20. Qe2 Bd5 21. Qg4 Be4 22. Qe2 Bf5 23. Rad1 a5 24. Rd7 b5 25. Rfd1 f6 26. exf6 gxf6 27. Bh6 Rf7 28. Qf3 Re8 29. Rxf7 Kxf7 30. Rd7+ Re7 31. Qh5+ Bg6 32. Qxc5 Rxd7 33. h3 Bf5 34. g4 Be4+ 35. Kh2 f5 36. g5 Kg6 37. Qf8 Rd2+ 38. Kg3 Rd7 39. Qe8+ Rf7 40. Qg8+ 1-0

[Event "Bad Soden U18 op"]
[Site "Bad Soden"]
[Date "2017.10.01"]
[Round "4"]
[White "Schwarz, Daniel"]
[Black "Arnold, Aaron"]
[Result "1-0"]
[WhiteElo "1714"]
[BlackElo "1285"]
[PlyCount "55"]
[EventDate "2017.09.30"]
[EventType "swiss"]
[EventRounds "9"]
[EventCountry "GER"]
[SourceTitle "EXT 2018"]
[Source "ChessBase"]
[SourceDate "2017.10.13"]
[SourceVersion "1"]
[SourceVersionDate "2017.10.13"]
[SourceQuality "1"]

1. e4 b6 2. d4 Bb7 3. Nc3 e6 4. Bd3 Bb4 5. a3 Bxc3+ 6. bxc3 d5 7. e5 Nd7 8. Nf3 c5 9. 0-0 Ne7 10. Be3 0-0 11. Ng5 Ng6 12. Qh5 h6 13. Nxe6 Qe7 14. Nxf8 Ndxf8 15. f4 c4 16. Be2 Qh4 17. Qxh4 Nxh4 18. f5 Kh7 19. g3 Nxf5 20. Rxf5 Bc8 21. Rxf7 Be6 22. Re7 Bf5 23. Rf1 Ng6 24. Rc7 Bxc2 25. Rff7 Rg8 26. Bg4 Nh8 27. Bf5+ Bxf5 28. Rxf5 1-0

[Event "Frankfurt-chB"]
[Site "Frankfurt"]
[Date "2017.05.08"]
[Round "3"]
[White "Brunner, Andreas"]
[Black "Arnold, Aaron"]
[Result "1-0"]
[WhiteElo "1353"]
[BlackElo "1163"]
[PlyCount "157"]
[EventDate "2017.04.24"]
[EventType "swiss"]
[EventRounds "7"]
[EventCountry "GER"]
[SourceTitle "EXT 2018"]
[Source "ChessBase"]
[SourceDate "2017.10.13"]
[SourceVersion "1"]
[SourceVersionDate "2017.10.13"]
[SourceQuality "1"]

1. d4 Nf6 2. e3 d5 3. c4 c6 4. Nf3 Bg4 5. Bd3 Nbd7 6. Nbd2 e5 7. dxe5 Nxe5 8. Be2 Nxf3+ 9. Nxf3 dxc4 10. 0-0 b5 11. Qc2 Qc7 12. a4 Bd6 13. g3 h5 14. Nd4 Bh3 15. Rd1 h4 16. Nf5 Bxf5 17. Qxf5 hxg3 18. Rxd6 gxf2+ 19. Qxf2 Qxd6 20. axb5 cxb5 21. Bf3 Qb8 22. Bxa8 Qxa8 23. Qf4 Qd8 24. Qe5+ Kf8 25. Rxa7 Qd1+ 26. Kg2 Qe2+ 27. Kg1 Qd1+ 28. Kg2 Qg4+ 29. Kf1 Qe6 30. Ra8+ Ne8 31. Qxe6 fxe6 32. Kg2 Rh5 33. Bd2 Kf7 34. Bc3 Nd6 35. Ra7+ Ke8 36. Ra8+ Kd7 37. Bb4 Rg5+ 38. Kf1 Re5 39. Ra7+ Kc8 40. Bxd6 Rxe3 41. Rxg7 Rb3 42. Be5 b4 43. Rc7+ Kd8 44. Rxc4 Kd7 45. Ke2 Ke8 46. Kd2 Kf7 47. Kc2 Re3 48. Bg3 Re2+ 49. Kb3 Kf6 50. Rxb4 Kf5 51. Kc3 e5 52. Kd3 Rg2 53. Re4 Rxb2 54. Bxe5 Rd2+ 55. Kxd2 Kxe4 56. Bc7 Kf5 57. Kd3 Kg4 58. Ke4 Kh3 59. Kf5 Kh4 60. Kg6 Kg4 61. Kh6 Kh4 62. Kg6 Kg4 63. Kf6 Kh4 64. Kf5 Kh5 65. Kf4 Kh4 66. Kf3 Kh3 67. Kf2 Kh4 68. Kg2 Kh5 69. Kg3 Kg5 70. h4+ Kh5 71. Bf4 Kg6 72. Kg4 Kg7 73. Kh5 Kh7 74. Be5 Kg8 75. Kg6 Kf8 76. h5 Ke7 77. h6 Ke6 78. Bf6 Kd7 79. h7 1-0

[Event "Frankfurt-chB"]
[Site "Frankfurt"]
[Date "2017.05.02"]
[Round "2"]
[White "Pessotschinski, Lars"]
[Black "Arnold, Aaron"]
[Result "0-1"]
[WhiteElo "849"]
[BlackElo "1163"]
[PlyCount "38"]
[EventDate "2017.04.24"]
[EventType "swiss"]
[EventRounds "7"]
[EventCountry "GER"]
[SourceTitle "EXT 2018"]
[Source "ChessBase"]
[SourceDate "2017.10.13"]
[SourceVersion "1"]
[SourceVersionDate "2017.10.13"]
[SourceQuality "1"]

1. e4 e6 2. d4 d5 3. Nd2 c5 4. Ngf3 Nc6 5. exd5 exd5 6. Nb3 cxd4 7. Nfxd4 Nf6 8. Bb5 Bd7 9. Bg5 h6 10. Nxc6 bxc6 11. Bxf6 Qxf6 12. Bd3 Qxb2 13. Qe2+ Be6 14. 0-0 Qf6 15. f4 Be7 16. f5 Bc8 17. Qe3 0-0 18. Nd4 Bc5 19. Rae1 Bxd4 0-1